01606nam a2200325 a 450000100100000000500170001000800410002702000150006804000250008308200200010810000340012824500560016226000340021830000200025249000300027249000490030259000260035165000280037765000310040571000510043683000370048783000560052491000420058095201330062295201330075595201330088895201180102195201240113999900170126300001457820240412074241.0100115s2004 dr r 001 p spa d a9993477656 aDO-SdBNPbspacBNPHU aRD861.44bD542d1 aDíaz Carela, Cecilio91025610aDécimas por la tangente /cCecilio Díaz Carela. aSanto Domingo :bUASD,c2004. a79 p. ;c21 cm.1 aLiteratura y sociedadv491 aUniversidad Autónoma de Santo Domingov986 aInventariado, 2018/BT 0aPoesía dominicana966 0aLiteratura dominicana.9671 aUniversidad Autónoma de Santo Domingo972951 0aLiteratura y sociedadn49933005 0aUniversidad Autónoma de Santo Domingon986933006 aValidado. Control de calidad. MMOLINA 001054708DSaGRbGRcHDd2010-01-19iLF1l0oRD861.44 D542dp14578-30r2020-06-25te. 3w2020-06-25yLFDSZPréstamo en sala 001054708DSaGRbGRcHDd2010-01-19iLF1l0oRD861.44 D542dp14578-40r2020-06-25te. 4w2020-06-25yLFDSZPréstamo en sala 001054708DSaGRbGRcHDd2010-01-19iLF1l0oRD861.44 D542dp14578-50r2020-06-25te. 5w2020-06-25yLFDSZPréstamo en sala 0010718PDaPDbPDcHDd2010-01-19iLF1l0oRD861.44 D542dp14578-10r2020-06-25w2020-06-25yLFPDZNo se presta 0010718PDaPDbPDcHDd2010-01-19iLF1l0oRD861.44 D542dp14578-20r2020-06-25te. 2w2020-06-25yLFPDZNo se presta c14164d14164